[Event "HUN-ch"]
[Site "Lillafured"]
[Date "1999.02.07"]
[Round "7"]
[White "Horvath, Csaba"]
[Black "Varga, Zoltan"]
[Result "1/2-1/2"]
[WhiteElo "2524"]
[BlackElo "2518"]
[Annotator "Huzman,A"]
[PlyCount "40"]
[EventDate "1999.02.01"]
[EventType "tourn"]
[EventRounds "9"]
[EventCountry "HUN"]
[EventCategory "13"]
[SourceTitle "CBM 070"]
[Source "ChessBase"]
[SourceDate "1999.06.08"]
[SourceVersion "1"]
[SourceVersionDate "1999.06.08"]
[SourceQuality "1"]

1. d4 d5 2. c4 dxc4 3. e3 c5 4. Bxc4 cxd4 5. exd4 Qc7 6. Qd3 Nf6 (6... Bd7 7.
Nc3 Nc6 (7... Nf6 $142 8. Nf3 e6 9. O-O $14) 8. Nd5 $1 Qd8 9. Bf4 Rc8 10. Nf3
e6 11. Qe2 Nge7 12. Nc3 $1 Ng6 13. Bg3 Bb4 14. d5 $1 Nce7 15. dxe6 Bxe6 16.
Bxe6 Bxc3+ 17. bxc3 fxe6 18. Rd1 Qb6 19. O-O Nf5 20. Rd6 $1 $18 {1-0 Avrukh,
B-Gyimesi,Z/Groningen 1995/EXP 50/[Avrukh,B] (35)}) 7. Nc3 a6 (7... Nc6 8. Nb5
Qb8 9. Ne2 a6 10. Bf4 e5 (10... axb5 11. Bxb8 (11. Bxf7+ Kxf7 12. Bxb8 Rxb8 13.
Qxb5 $16) 11... bxc4 12. Qxc4 Be6 $1 (12... Rxb8 $2 13. d5 Ne5 14. Qc7 Nfd7 15.
O-O $18 {[%cal Ga1c1,Gc1c8]}) 13. Qb5 Rxb8) 11. dxe5 Nxe5 (11... Bb4+ 12. Kf1
Nxe5 13. Qb3 $16) 12. Qg3 Nfg4 (12... Nh5 13. Bxe5 Bb4+ 14. Nec3 Nxg3 15. Bxb8
Rxb8 (15... Nxh1 16. Nc7+ Ke7 17. Nxa8 $18) 16. hxg3 axb5 17. Bxb5+ $16) 13. f3
$1 (13. Nbc3 Bd6 14. Ne4 $36) 13... Bb4+ 14. Nec3 axb5 15. Bxb5+ Bd7 16. fxg4
$16) 8. Nf3 Nc6 9. O-O (9. Bg5 Bg4 $132 {[%csl Rd4]}) 9... Bg4 10. Bxf7+ Kxf7
11. Qc4+ Ke8 (11... e6 12. Ne5+ Ke7 13. Bf4 $1 (13. Re1 Kd8 14. Nxg4 Nxg4 15.
Bg5+ Be7 (15... Ne7 16. Qxc7+ Kxc7 17. Rxe6 Nf6 $15) 16. Bxe7+ Nxe7 $17) 13...
Qb6 (13... Qc8 14. Nxg4 Nxg4 15. d5 Nce5 16. Qd4 (16. Qxc8 Rxc8 17. f3 $36)
16... Ng6 (16... Qc7 17. Rfe1 $18) 17. Bg5+ Nf6 18. dxe6 $40 (18. Rfe1 e5 19.
f4 Kf7 $1) 18... Kxe6 $140 19. Bxf6 gxf6 20. Qd5+ $18) 14. Nxg4 Nxg4 15. Rfe1
$18 {/\16.Qe6,16Nd5}) 12. d5 Bxf3 13. gxf3 Rc8 14. dxc6 Qxc6 15. Qe2 (15. Qxc6+
Rxc6 16. Be3 g6 $15) 15... e6 16. Bf4 Qc4 (16... Bc5 17. Rac1 $14) (16... Nh5
17. Bd2 $36) 17. Rac1 $1 Kf7 (17... Qxf4 $4 18. Qxe6+ Kd8 19. Rfd1+ $18) 18.
Qxc4 Rxc4 19. Ne2 $11 Rc5 20. Be3 Rxc1 1/2-1/2

[Event "YUG-ch53"]
[Site "Belgrade "]
[Date "1998.03.22"]
[Round "9"]
[White "Ilincic, Zlatko"]
[Black "Drasko, Milan"]
[Result "1-0"]
[WhiteElo "2565"]
[BlackElo "2515"]
[Annotator "Huzman,A"]
[PlyCount "71"]
[EventDate "1998.03.14"]
[EventType "tourn"]
[EventRounds "15"]
[EventCountry "YUG"]
[EventCategory "10"]
[SourceTitle "CBM 064"]
[Source "ChessBase"]
[SourceDate "1998.06.02"]
[SourceVersion "1"]
[SourceVersionDate "1998.06.02"]
[SourceQuality "1"]

1. d4 {Kortschnoj} d5 2. c4 dxc4 3. e4 Nf6 4. e5 Nd5 5. Bxc4 Nb6 6. Bb3 Nc6 7.
Ne2 Bf5 8. Nbc3 e6 9. a3 Qd7 10. Be3 (10. O-O Be7 11. Be3 Na5 12. Ba2 Nac4 13.
Ng3 Bg6 $14 {1-0 Granda Zuniga,J-Kortschnoj,V/Hoogovens 1997/CBM 57 (61) 
[Alterman]}) 10... O-O-O (10... Na5 11. Ba2 Nac4 12. Qc1 Be7 13. O-O O-O 14.
Ng3 Bg6 15. Rd1 Nxe3 16. Qxe3 c6 17. Nce4 Nd5 18. Qe2 Rac8 19. Rac1 Rc7 20. Bb1
b6 21. Qg4 Bf5 $11 {Notkin -Yakovich,Elista1997}) 11. O-O f6 12. exf6 gxf6 13.
Ng3 (13. Rc1 h5 14. Ng3 Bg6 15. Qf3 Be7 16. Nge4 Bf5 17. h3 h4 18. Rfd1 Qe8 19.
d5 Ne5 20. Qe2 Nxd5 21. Rxd5 exd5 22. Nxd5 c6 23. Bxa7 $40 {1-0 Adianto,
U-Ibragimov,I/Biel op MTO 1997 (31)}) (13. Na4 h5 14. Rc1 h4 15. Nc5 Bxc5 16.
Rxc5 Kb8 17. Bc2 $2 (17. Nf4 Nxd4 18. Bxe6 $14) 17... Ne7 18. Nf4 Rhg8 19. Bxf5
Nxf5 20. Qf3 Nd5 $15 {0-1 Beliavsky,A-Kortschnoj,V/EU-chTM 1997 (43)}) (13. Re1
Na5 (13... h5 {Huzman} 14. Ng3 Bg6 15. Nge4 Be7 16. Qf3 $36) 14. Bf4 $2 (14.
Ng3 $14) (14. Bc2 $14) (14. Ba2 {Huzman} Bd6 15. Ng3 Bxg3 16. hxg3 h5 $132)
14... e5 $1 {0-1 Epishin,V-Kortschnoj,V/St.Petersburg 1997/CBM 59 (65)}) 13...
Bg6 (13... Nxd4 {Kortschnoj} 14. Bxd4 Qxd4 15. Qxd4 Rxd4 16. Nxf5 exf5 17. Be6+
$14 (17. Nb5 $14)) 14. Nge4 $146 (14. Qe2 Kb8 15. Rfd1 Ne7 16. Nge4 Ned5 17.
Nc5 Qe8 18. Rac1 Bh5 19. f3 Rg8 20. Nxd5 Nxd5 21. Bxd5 exd5 22. Re1 Bd6 23. Nd3
Qe6 24. Kh1 Rde8 25. Qd2 Bxf3 $19 26. gxf3 Qh3 {0-1 Mohr,S-Huebner,R/SUI-chT
1996/EXP 55 0-1 Mohr,S-Huebner,R/SUI-chT 1996/EXP 55} 27. Qf2 Bxh2 28. Qf1 Qh5)
14... Nd5 (14... Qf7 $5 15. Rc1 (15. Qf3 Nxd4 16. Bxd4 Rxd4 17. Qxf6 Qxf6 18.
Nxf6 Bg7 19. Bxe6+ Kb8 $44) (15. Qg4 f5 16. Qh3 Nxd4 17. Ng5 Qf6 18. Bxd4 Rxd4
19. Nxe6 Rh4 20. Qe3 Bd6 $36) 15... Rg8 16. Qf3 Be7 17. Qh3 Bxe4 (17... f5 18.
Nc5 Bxc5 19. dxc5 Nd5 20. Nxd5 exd5 21. Bg5 Rd7 {[%cal Yf5f4]}) 18. Nxe4 f5 19.
Nc5 Nd5 $132) (14... Qe7 $1 {Kortschnoj} 15. Re1 $1 (15. Nc5 e5 16. d5 (16. Ne6
$2 exd4 $17) 16... Nd4 $13) 15... Kb8 $14 (15... Nxd4 $2 16. Bxd4 e5 17. Nb5 a6
18. Qg4+ f5 19. Qg3 $18)) 15. Nxd5 (15. Ba4 $5 {Kortschnoj}) 15... exd5 16. Nc3
(16. Nxf6 Qf5 17. Qg4 Qxg4 18. Nxg4 Bg7 19. Rad1 h5 20. Ne5 Nxe5 21. dxe5 Bxe5
22. Bxd5 Bxb2 $11) 16... Qf5 (16... Bf7 17. Rc1 Rg8 18. Qf3 $14 {[%cal Gb3a4]})
17. Ba2 {[%cal Gb2b4]} (17. Rc1 Rg8 $132 {[%cal Yg6h5]}) 17... Rg8 (17... h5 $4
{Kortschnoj} 18. Bb1 $18) 18. Kh1 (18. b4 {Kortschnoj} Bh5 19. Bb1 Qf3 20. Qxf3
Bxf3 21. g3 h5 $13) 18... h5 19. b4 Bf7 {[%cal Yf5g4,Yg4g2,Yg8g3]} 20. Rg1 h4
21. Rc1 (21. h3 Bh5 $140 22. Bb1 $1 $18) 21... h3 (21... Kb8 $14 {Kortschnoj})
22. g4 $1 Qd7 (22... Qe6 $142 {Kortschnoj}) 23. f3 (23. Bf4 Bd6 24. Bxd6 Qxd6
25. Qd2 $16 {[%cal Gc3b5]}) 23... f5 (23... Kb8 $142 {Kortschnoj}) 24. g5 Ne7 (
24... Re8 25. Bf4 Bd6 26. Qd2 $16) 25. Bf4 $1 $16 {[%cal Gf4c7,Gc1c7,Gc3b5,
Gb5c7]} Ng6 (25... Kb8 26. Na4 Rc8 27. Nc5 Qe8 28. Re1 $16) {[%tqu "En","How
should the white continue their attack?","","","f4c7","",10]} 26. Bxc7 $1 Kxc7
27. Nxd5+ Kb8 28. Nf6 $18 Qd6 (28... Qe7 29. Nxg8 $18) (28... Bxa2 {Kortschnoj}
29. Nxd7+ Rxd7 30. Qc2 $18) 29. Bxf7 Rg7 30. Ne8 Rxe8 31. Bxe8 Nf4 32. Qc2 $1
a6 33. Qxf5 Ne2 34. Rc8+ Ka7 35. Rd1 Be7 36. g6 1-0

[Event "Petrov Memorial op"]
[Site "St Petersburg"]
[Date "2000.02.14"]
[Round "7"]
[White "Polovodin, Igor A"]
[Black "Eliseev, Alexey"]
[Result "1-0"]
[WhiteElo "2434"]
[BlackElo "2325"]
[Annotator "Huzman,A"]
[PlyCount "43"]
[EventDate "2000.02.05"]
[EventType "swiss"]
[EventRounds "9"]
[EventCountry "RUS"]
[SourceTitle "CBM 076"]
[Source "ChessBase"]
[SourceDate "2000.05.31"]
[SourceVersion "1"]
[SourceVersionDate "2000.05.31"]
[SourceQuality "1"]

1. d4 d5 2. c4 dxc4 3. e4 Nc6 4. Be3 Nf6 5. Nc3 e5 6. d5 Na5 7. Qa4+ c6 8. dxc6
Nxc6 9. Nf3 $146 (9. Bxc4 Bb4 10. Nf3 O-O 11. O-O Bxc3 12. bxc3 Nxe4 13. Rfd1 (
13. Bxf7+ Rxf7 14. Qxe4 Bf5 $10 {Vyzmanavin,A-Sadler,M/Paris (rapid) 1994/Inf
62 (14)}) 13... Qf6 14. Bxf7+ Rxf7 {1/2-1/2 Notkin,M-Balashov,Y/Moscow 1996/
EXT 99 (14)}) 9... Ng4 (9... Bb4 10. Nxe5 Qa5 11. Qxa5 Bxa5 12. Nxc6 (12. Nxc4
$5 Bxc3+ 13. bxc3 Nxe4 14. Bd3 Nxc3 15. Nd6+ Kf8 16. O-O $44) 12... bxc6 13. f3
Be6 14. O-O-O $14) (9... Bd7 $5 10. Bxc4 Bb4 11. O-O Bxc3 12. bxc3 O-O 13. Bc5
Nd4 $132) 10. Bxc4 Bb4 (10... Nxe3 11. fxe3 Qb6 12. Nd5 Qxb2 13. O-O $40) 11.
Rd1 Bd7 12. O-O Bxc3 13. bxc3 Nxe3 (13... Nd4 14. Bxf7+ (14. Qa3 Nxf3+ 15. gxf3
Nxe3 16. fxe3 $36 {[%csl Re8]}) 14... Kxf7 15. Nxe5+ Nxe5 16. Qxd4 Qe7 17. Qd5+
Ke8 18. Qxb7 Bc6) 14. fxe3 Qe7 $2 (14... O-O $142 15. Qa3 Rc8 16. Rd2 $36 {
[%cal Gf1d1,Gd1d8,Rd2f2,Rf1f7]}) 15. Ng5 $1 f6 (15... Qxg5 16. Bxf7+ Ke7 17.
Qa3+ Kd8 18. Be6 Qxe3+ 19. Kh1 Nb8 20. Bxd7 Nxd7 21. Qd6 $18) 16. Nf7 $18 a5
17. Qb3 $1 (17. Nxh8 $2 Nd4 {[%csl Ra4]}) 17... a4 18. Qxb7 Ra7 (18... Rb8 19.
Qc7 $18) 19. Qb6 Kf8 20. Nxh8 Be8 21. Bd5 Rc7 22. Nf7 1-0

[Event "Herzliya"]
[Site "Herzliya"]
[Date "1998.09.12"]
[Round "7"]
[White "Hauchard, Arnaud"]
[Black "Lev, Ronen"]
[Result "1-0"]
[WhiteElo "2500"]
[BlackElo "2460"]
[Annotator "Huzman,A"]
[PlyCount "101"]
[EventDate "1998.09.??"]
[EventType "tourn"]
[EventRounds "11"]
[EventCountry "ISR"]
[EventCategory "10"]
[SourceTitle "EXT 1999"]
[Source "ChessBase"]
[SourceDate "1998.11.16"]
[SourceVersion "1"]
[SourceVersionDate "1998.11.16"]
[SourceQuality "1"]

1. d4 {Hecht} d5 2. c4 dxc4 3. e4 e5 4. Nf3 exd4 5. Bxc4 Bb4+ 6. Nbd2 Nc6 7.
O-O Be6 8. Bxe6 fxe6 9. Nb3 d3 10. Bg5 (10. a3 Be7 11. Ne1 Nf6 12. f3 a5 13.
Qxd3 a4 14. Nd2 Qxd3 15. Nxd3 O-O-O $15 {0-1 Gruenenwald,J-Schulz,K/BL8586
1986/GER-chT (48)}) (10. Be3 Nf6 11. Nbd4 Nxd4 12. Nxd4 Qe7 13. Qxd3 O-O (13...
O-O-O 14. Rfd1 (14. Qc4 Nxe4 15. Nc2 Nd2 16. Qxb4 Qxb4 17. Nxb4 Nxf1 18. Kxf1
$16 {1-0 Manninen,M-Kekki,P/FIN-chT 1991/EXT 97 (34)}) 14... Ng4 $2 15. Nc6 $1
Rxd3 16. Nxe7+ Bxe7 17. Rxd3 $18 {1-0 Renet,O-Schulz,K/Altensteig 1987/CBM 04 
(41)}) 14. Qc4 Rfe8 15. Rac1 Ba5 16. Bg5 Qf7 17. Nf3 Qg6 18. Bxf6 Qxf6 $11 {
1/2-1/2 Kekki,P-Westerinen,H/FIN-chT 9596 1996/EXT 98 (39)}) (10. Bd2 Qd6 11.
e5 Qd5 12. Rc1 Bxd2 13. Qxd2 O-O-O 14. Rc5 Qd7 15. Rc3 Nge7 16. Rd1 h6 17. a3
g5 18. Nc5 Qd5 19. b4 $36 {1-0 Peng,Z-Galliamova Ivanchuk,A/Tilburg ctW 1994/
CBM 43 ext (41)}) 10... Nge7 (10... Qd7 11. Rc1 (11. a3 Bf8 12. Ne1 h6 13. Qh5+
Qf7 14. Qxf7+ Kxf7 15. Be3 Rd8 16. Rd1 Nf6 17. Nxd3 Be7 18. f3 $14 {1/2-1/2
Haugli,P-Westerinen,H/Troll Masters 1990/CBM 16 ext (34)}) 11... Nf6 12. a3 Be7
13. e5 Ne4 14. Bxe7 Kxe7 15. Re1 Qd5 16. Nbd2 Nxd2 17. Qxd2 Rhd8 18. Rc3 Rd7
19. Re3 Rad8 20. Rexd3 Qe4 21. Qg5+ Kf8 $15 {0-1 Hjartarson,J-Westerinen,H/
Nordic-tt 1989/EXT 97 (40)}) 11. a3 Bd6 12. Re1 h6 13. Bxe7 Bxe7 14. Re3 O-O
15. Rxd3 Qe8 16. Rc1 {[%cal Gb3c5]} (16. Qc2 Qg6 17. Re1 Rf4 18. g3 Raf8 19.
Qe2 a5 20. Kh1 R4f7 21. Kg2 Qh5 $36 {0-1 Glek,I-Westerinen,H/Moscow GMA-op
1989/TD (52)}) 16... Qg6 (16... Bd6 17. Nc5 Bxc5 18. Rxc5 Rd8 19. b4 $14) 17.
Qe2 Rf4 $6 {[%cal Rg6h5,Rh5h2,Re7d6,Rd6h2,Yf4e4,Yg6e4,Ga8f8,Gf8f2]} (17... Rad8
$5 18. Rxd8 (18. Rdd1 $5 $14 {[%cal Ge2b5]}) 18... Rxd8 19. Qb5 $140 Qxe4 20.
Qxb7 Qc2 $1) 18. Nbd2 Bd6 $2 (18... Raf8 19. Rb3 Bg5 20. Rd1 R4f7 21. Nc4 Rf4
$132) 19. Rb3 (19. e5 $1 Bf8 (19... Be7 20. Rb3 (20. Rd7 Bd8 21. b4 $36 {<<})
20... Nd4 (20... Rd8 21. Rxb7 Nd4 22. Nxd4 Rfxd4 23. Nf3 $18) 21. Nxd4 Rxd4 22.
Nf3 Rg4 23. Qf1 $16 {[%cal Gc1c7,Gb3b7]}) 20. Rb3 $16 {[%cal Gc1c7,Gb3b7]} Rg4
21. Rxb7 (21. Qf1 $16) 21... Rxg2+ 22. Kh1 $18) 19... Qh5 (19... Ne5 $142 20.
Nxe5 Bxe5 21. Rxb7 (21. Nf3 Rxe4 (21... Qh5 22. g3 Rf7 23. Rc5 $16) 22. Nxe5
Qg5 23. Re3 Rxe5 24. Rxc7 Rd8 25. Rxb7 $16) 21... Bd4 $132) 20. Rb5 (20. Rxb7
Rxf3 $1 21. Nxf3 Nd4 22. Qe1 (22. Qc4 Nxf3+ 23. gxf3 Qh3 $40) 22... Nxf3+ 23.
gxf3 Bf4 $1 $40 {[%cal Yh5h3]}) 20... Ne5 (20... Rxe4 $5 21. Nxe4 Nd4 22. Qc4
$1 (22. Nf6+ $5 gxf6 (22... Kh8 23. Qd3 Nxf3+ 24. Kf1 $1 $18) 23. Qxe6+ Nxe6
24. Rxh5 Nf4 $1 $11) 22... Nxb5 23. Qxe6+ Kh7 24. Nxd6 Nxd6 25. Rxc7 $16) 21.
Kf1 $1 Raf8 (21... a6 22. Rxe5 $1 Bxe5 23. Rc5 $18) 22. Rxe5 $1 Bxe5 23. Rc5
Rxf3 (23... Qxh2 24. Nxh2 Rxf2+ 25. Qxf2 Rxf2+ 26. Kxf2 Bd4+ 27. Ke2 Bxc5 28.
Nhf3 $18) 24. Nxf3 Rxf3 25. Qxf3 Qxf3 26. gxf3 Bxh2 27. Kg2 $16 Bf4 (27... Bd6
28. Ra5 a6 29. Kh3 $16 {[%cal Gh3g4,Gf3f4]}) 28. Kh3 c6 29. Kg4 e5 (29... g5
30. Kh5 Kg7 31. Rc3 $18 {[%cal Gc3d3,Gd3d7]}) 30. Rc3 Kf7 31. Rb3 $1 b6 32. Rc3
$1 c5 33. b4 $18 cxb4 34. axb4 b5 (34... a5 35. Rc7+ Kf8 36. b5 $18) 35. Rc7+
Kg6 36. Rc6+ $1 Kh7 37. Ra6 Bd2 38. Rxa7 Bxb4 39. Rb7 Bd2 40. Rxb5 Bf4 41. Kf5
{[%cal Gb5e5]} h5 42. Rxe5 $1 Bxe5 43. Kxe5 {Hecht: '[#] So schwach der
doppelte f-Bauer auch aussehen mag, er garantiert denooch den weißen Gewinn.
Plan: mit dem Vordermann wird das schwarze Bauernduo gesprengt, der Hintermann
deckt dann den e-Bauern und der weiße König beschäftigt sich anschließend mit
dem isolierten schwarzen h-Bauern.'} Kg6 (43... h4 44. Kf4 g5+ 45. Kg4 Kg6 46.
f4 $18) (43... g5 {Hecht} 44. f4 Kg6 45. f5+ Kf7 46. Kd4 h4 47. Ke3 g4 48. Kf4
h3 49. Kg3 Kf6 50. f3 $18) 44. Kf4 Kf6 45. Kg3 {[%cal Gf3f4]} Ke5 46. Kh4 g6
47. Kg5 Kd4 (47... Ke6 {Hecht} 48. f4 Ke7 49. f5 h4 50. Kxh4 gxf5 51. e5 f4 52.
Kg4 $18) 48. Kf4 $1 h4 (48... Kc4 49. Ke3 $1 h4 50. f4 $18) 49. Kg4 g5 50. f4
$1 gxf4 51. f3 {[%cal Gg4h4]} 1-0

[Event "Herzliya"]
[Site "Herzliya"]
[Date "1998.09.07"]
[Round "2"]
[White "Bykhovsky, Avigdor"]
[Black "Lev, Ronen"]
[Result "1-0"]
[WhiteElo "2455"]
[BlackElo "2460"]
[Annotator "Huzman,A"]
[PlyCount "59"]
[EventDate "1998.09.??"]
[EventType "tourn"]
[EventRounds "11"]
[EventCountry "ISR"]
[EventCategory "10"]
[SourceTitle "EXT 1999"]
[Source "ChessBase"]
[SourceDate "1998.11.16"]
[SourceVersion "1"]
[SourceVersionDate "1998.11.16"]
[SourceQuality "1"]

{[%mdl 12]} 1. d4 d5 2. c4 dxc4 3. e4 e5 4. Nf3 exd4 5. Bxc4 Nc6 6. O-O Be6 7.
Bxe6 fxe6 8. Qb3 Qd7 9. Qxb7 Rb8 10. Qa6 Nf6 11. Nbd2 Bb4 12. Qd3 (12. e5 Ng4
13. Qe2 Qd5 {1/2-1/2 Sherbakov,R-Bronstein,D/Hastings op9495 1995}) (12. a3
Bxd2 13. Nxd2 O-O 14. b4 Rb6 15. Qd3 (15. Qa4 Rfb8 16. Nc4 Rb5 17. f3 d3 18.
Be3 Nd4 19. Qxa7 Ne2+ 20. Kh1 Qc6 21. Na5 Qd6 22. Bc5 Qf4 23. Nc6 Nh5 $40 {
1/2-1/2 Postniy,E-Zakharov,A/EU-chJM U18 1998 (29)}) 15... Ne5 16. Qb3 a5 (
16... c5 17. Qg3 Ng6 18. bxc5 Rc6 19. Bb2 Rxc5 20. Rac1 Nh5 21. Qg4 Rxc1 22.
Rxc1 Nhf4 $36 {0-1 Jelling,E-Schandorff,L/DEN-chT 9798 1997 (26)}) 17. f4 Nc6
18. Nc4 Rb5 19. Qa4 Rfb8 20. Nxa5 Nxa5 21. bxa5 Nxe4 22. a6 Qd5 23. a7 Ra8 24.
Re1 Ra5 $17 {Izoria,Z-Tenikashvili,G/It \ Moscow (Russia) 1998/0-1 (80)}) 12...
Bxd2 13. Bxd2 Rxb2 14. Rac1 O-O 15. Rc5 Ng4 16. h3 (16. Bc1 Nb4 17. Qc4 Rc2 18.
Qxb4 Qd6 19. Qxd4 (19. Rb5 c5 20. e5 $1 Nxe5 21. Qa4 $5 Rc4 $1 22. Qxa7 $5 Rxf3
$1 23. Rb6 $2 Qd5 $17 {0-1 Beliavsky,A-Sherbakov,R/Jugoslavija 1996 (26)})
19... Qxc5 20. Qxc5 Rxc5 21. Ba3 Ra5 22. Bxf8 Kxf8 23. Nd4 e5 24. Ne6+ Kf7 25.
Nxc7 Rxa2 $15 {1/2-1/2 Amura,C-Gonzalez Garcia,J/Mexico City m 1997 (40)})
16... Qd6 17. Rxc6 Qxc6 18. Qxd4 (18. hxg4 Qc2 $1 19. Qxd4 Rxf3 20. gxf3 Qxd2
21. Qxa7 Qc3 $1 22. Kg2 h6 $5 23. Rd1 Kh7 $13) 18... Rxa2 (18... Qb6 19. Bc3
Qxd4 20. Bxd4 Rxa2 21. hxg4 $14) 19. hxg4 Ra4 20. Qd3 (20. Qb2 Rxe4 (20... Qxe4
21. Ng5 Qg6 $1 (21... Qxg4 22. Qc2 Qh4 23. Nxe6 $36) 22. Qe5 $132) 21. Rc1 Qb6)
20... Qxe4 21. Qxe4 Rxe4 22. g5 $1 {White are combining a play against black's
weaknesses and an attack on his king.It will give them reasonable chances for
an advantage.} Ra4 (22... Rc4 23. Ra1 Ra8 24. Ra6) 23. Rc1 Rc8 24. Rc6 Ra1+ (
24... Kf7 25. Ne5+ Ke7 26. Be3 Re8 27. g6 (27. Rxc7+ Kd6 28. Rc5)) 25. Kh2 a5
26. Rxe6 a4 $2 (26... Kf7 27. Ra6 a4) 27. Re7 {[%cal Gd2c3,Gc3g7,Ge7g7]} a3 (
27... Ra3 28. Bf4) 28. Bc3 $18 Rc1 (28... Kf8 29. Rxg7 Rc1 30. Rxh7 $18) 29.
Rxg7+ Kh8 (29... Kf8 30. Rxh7 $18) 30. Be5 {This game shows that black has
problems in the endgame that used to be considered as not dangerous.} 1-0

[Event "Linares 16th"]
[Site "Linares"]
[Date "1999.02.23"]
[Round "3"]
[White "Kasparov, Garry"]
[Black "Anand, Viswanathan"]
[Result "1/2-1/2"]
[WhiteElo "2812"]
[BlackElo "2781"]
[Annotator "Huzman,A"]
[PlyCount "57"]
[EventDate "1999.02.21"]
[EventType "tourn"]
[EventRounds "14"]
[EventCountry "ESP"]
[EventCategory "20"]
[SourceTitle "CBM 070"]
[Source "ChessBase"]
[SourceDate "1999.06.08"]
[SourceVersion "1"]
[SourceVersionDate "1999.06.08"]
[SourceQuality "1"]

1. d4 d5 2. c4 dxc4 3. e4 e5 4. Nf3 exd4 5. Bxc4 Nc6 6. O-O Be6 7. Bb5 Bc5 8.
Nbd2 (8. b4 Bb6 9. Bb2 Nge7 10. Nxd4 O-O 11. Nxc6 Nxc6 12. Bxc6 bxc6 13. Qc2 a5
14. a3 Qg5 15. Qxc6 Rad8 $44 16. Nc3 axb4 17. axb4 Rd4 $4 18. Ra8 $2 (18. Bc1
$142 Qh4 19. Ra8) 18... Bh3 19. g3 (19. Rxf8+ Kxf8 20. e5 Bxg2 $1 $19) 19...
Rxa8 20. Qxa8+ Rd8 21. Ra1 h6 22. Qa4 Qf6 {0-1 Rakhmangulov,A-Svetushkin,D/
Alushta 1999/CBM 70_07 (22)}) 8... Qd6 $146 (8... Nge7 9. Nb3 (9. Ng5 Qd7 10.
Nxe6 Qxe6 11. Nb3 Qd6 12. Bf4 (12. Qg4 O-O 13. Bf4 Ne5 14. Bxe5 Qxe5 15. f4 d3+
16. Kh1 {1/2-1/2 Dreev,A-Rublevsky,S/Elista 1998/CBM 65_03 (16)}) 12... Qxf4
13. Nxc5 O-O 14. Rc1 (14. g3 Qh6 15. Rc1 Rfd8 16. Nxb7 Rdb8 17. Qa4 Ne5 18.
Rxc7 N7g6 (18... Nf3+ 19. Kg2 Nh4+ $1 20. Kh1 (20. gxh4 Qf4 $1 21. Rfc1 Rxb7)
20... Nf3 $11) 19. Qb3 Nf8 20. Qd5 $16 {0-1 Dreev,A-Svidler,P/Elista 1997/CBM
59/[Petursson] (29)}) 14... Ne5 (14... Rfb8 15. g3 Qh6 16. f4 (16. Qa4 a6 17.
Bxc6 Nxc6 18. Kg2 b5 19. Qc2 Ne5 20. Nb3 d3 21. Qxc7 Nc4 $17 {1-0 Stocek,
J-Ashley,M/Budapest 1997/CBM 61 ext (70)}) 16... a6 17. Bd3 a5 18. Qa4 Nb4 19.
Bc4 b5 20. Bxb5 Nxa2 21. Rc4 c6 22. Qxa2 cxb5 23. Rxd4 Qb6 $15 {1-0 Browne,
W-Kaidanov,G/Denver 1998/CBM 68_07 (40).}) 15. g3 Qh6 16. f4 a6 17. Be2 b6 18.
Nb3 d3 19. Bh5 N5c6 20. Bf3 Rad8 21. Rc3 Qd6 22. e5 Qd7 23. Be4 $16 {1-0
Granda Zuniga,J-Ibragimov,I/New York 1997/EXP 57 (39)}) 9... Bb6 10. Nbxd4 Bd7
11. Nxc6 Bxc6 12. Qe2 O-O 13. Bg5 Qe8 14. Bxc6 Nxc6 15. Rad1 Qe6 16. a3 Rae8
$11 {0-1 Kuzmin,A-Rublevsky,S/Moscow 1996/EXP 52 (54)}) 9. e5 Qd5 10. Ng5 $1
O-O-O (10... Rd8 11. Bc4 Qxe5 12. Nxe6 fxe6 13. Re1 $18) 11. Bc4 Qd7 12. Nxe6
fxe6 13. b4 $1 {[%mdl 164]} Nxb4 (13... Bb6 14. Qb3 (14. Nf3 Nge7 15. Ng5 Nd5
16. Bxd5 Qxd5 $1 $17) 14... Qe7 $1 15. Bxe6+ Kb8 16. Nf3 Qxb4 17. Qxb4 Nxb4 18.
Bg5 $44) (13... Bxb4 14. Qb3 Re8 15. Rb1 $40) 14. Qb3 (14. Ba3 $5 {L.Ljubojevic
} a5 (14... Nd3 15. Qb3) 15. Ne4 Bb6 16. Qb3 Re8 (16... Nd5 17. Nd6+ Kb8 18.
Bxd5 exd5 19. Bc5 cxd6 20. e6 Qxe6 21. Qxb6) 17. Bxb4 axb4 18. a3 $1 $40) 14...
Nd5 15. Ne4 Bb6 (15... Qc6 16. Rb1 Nb6 17. Bxe6+ Kb8 18. Nxc5 Qxc5 19. Re1 $1 (
19. Bg5 Nf6 (19... Re8 20. Rfe1 $1 $44 (20. Bf7 Qxe5 (20... Rxe5 21. Bf4 Nf6
22. Qg3 $36) 21. Bxe8 Qxg5 $1 $17)) 20. Rfe1 h6 21. Rbc1 Qf8 22. Bd2 $44) 19...
Qe7 (19... Qc3 20. Bg5 Re8 21. Bf7 $36) 20. a4 $40) 16. a4 $1 a5 (16... a6 17.
a5 Ba7 18. Bg5 Rf8 19. Rfc1 $40) 17. Nd6+ $1 Kb8 (17... cxd6 18. Bxd5 exd5 19.
Qxb6 dxe5 20. Bd2 Ne7 (20... Kb8 {-see the text of the game.}) 21. Qa7 $1 Nc6
22. Rfc1 $40) 18. Bxd5 exd5 19. Bd2 cxd6 20. Qxb6 dxe5 21. f4 (21. Rfe1 {
G.Kasparov} Qd6 (21... Re8 22. Rxe5 $1 Rxe5 23. Bf4 $18) (21... Ne7 22. Rxe5
Nc6 23. Bf4 Ka8 24. Rb1 Rhf8 (24... Rhe8 $5 25. Rxd5 Re1+ 26. Rxe1 Qxd5 $132)
25. Rxd5 Rxf4 $1 26. Rxd7 Rxd7 $44) 22. Qb5 (22. Qxd6+ Rxd6 23. Rxe5 Nf6 $15) (
22. Bxa5 Nf6 23. Qxd6+ (23. f4 $5 exf4 24. Qxd4 Rde8 25. Bb4 $44) 23... Rxd6
24. Rxe5 Rc8 $17) 22... Ne7 23. Rxe5 $1 Nc6 $1 (23... Qxe5 $2 24. Rb1 Qc7 25.
Bf4 $18) 24. Rb1 Rd7 25. Bf4 $1 Nxe5 26. Bxe5 Qxe5 27. Qxd7 Qc7 28. Qxd5 $11) (
21. Rab1 Ne7 22. Rb5 Qc7 $5 (22... Nc8 23. Qxa5 $40) 23. Qxc7+ Kxc7 24. Bxa5+
Kb8 25. Bxd8 Rxd8 $44) 21... Nf6 (21... e4 $2 22. f5 e3 23. Be1 $18) (21... Ne7
22. fxe5 Nc6 23. e6 Qxe6 24. Rab1 Rd7 25. Bf4+ Ka8 26. Bc7) 22. fxe5 Ne4 23.
Bxa5 (23. e6 Qc6 24. Bf4+ Ka8 25. Qxa5+ Qa6 26. Qxa6+ bxa6 27. Be5 d3 28. Rf7
Ng5 $1 29. Bxg7 Nxf7 30. exf7 Rhf8 31. Bxf8 Rxf8 32. Rd1 Rxf7 33. Rxd3 Rf5 $11)
(23. Bf4 Qc6 24. e6+ Ka8 25. Qxa5+ Qa6 $11) 23... d3 24. e6 $6 (24. Qb4 $1 {
G.Kasparov} Rde8 (24... Rc8 25. Bb6 $16 {[%cal Gb4a5]}) 25. Bb6 d2 26. a5 $1
Qe7 (26... Rxe5 27. a6 Qe7 28. Ba7+ $1 $18) 27. Qb3 Qxe5 28. a6 Re7 29. axb7
$18 Rxb7 $140 {[%tqu "En","","","","f1f8","",10]} 30. Rf8+ $1 Rxf8 31. Ra8+ $1
Kxa8 32. Qa3+ Kb8 33. Qxf8+ {G.Kasparov}) 24... Qd6 25. Qxd6+ Rxd6 26. e7 Rf6
27. Rxf6 Nxf6 28. Rd1 Re8 29. Bb4 $14 (29. Bb4 Ng8 30. Rxd3 Kc7 31. Rxd5 Nxe7
32. Rh5 h6 33. Bc3 $14) 1/2-1/2